000 01157ny a22002533n 4500
005 20240305165319.0
008 080924s2002 sp s 000 0 spa c
035 _a120
040 _aUMA.RE
_dvLex
080 _a351.713(460)(094.58)(0.034)
090 _c615
_d615
100 1 _aGil del Campo, Miguel
245 1 0 _aComentarios a las Resoluciones de la Direccion General de Tributos
_h[Recurso electrónico]
_cpor Miguel Gil del Campo
256 _aServicio en línea
260 _a[S.l.] :
_bs.n.,
_c[2002]
310 _aMensual
506 1 _aContenido solo disponible en los productos indicados
_dvLex Global
_dvLex Global (Academic Edition, excluding Law Schools)
_dvLex Global (U.S. Academic Edition, Law Schools)
_dvLex Global (U.S. Academic Edition, excluding Law Schools)
_dvLex Global (Academic Edition, Law Schools)
610 1 4 _aEspaña.
_bDirección General de Tributos
_xResoluciones
_xPublicaciones periódicas
650 0 7 _2Tesauro vLex
_aTributario
650 0 7 _2Tesauro vLex
_aDerecho tributario
740 0 _avLex Libros (Servicios en línea)
856 4 0 _uhttps://app.vlex.com/#/sources/resoluciones-dgt-comentarios-120
942 _cRAA
999 _c159137
_d159137